Multiple statistical decision theory : recent developments /

Bibliographic Details
Main Author: Gupta, Shanti Swarup, 1925-
Other Authors: Huang, Deng-Yuan
Format: Book
Language:English
Published: New York, NY : Springer-Verlag, [1981]
Series:Lecture notes in statistics (Springer-Verlag) ; v. 6.
Subjects:

MARC

Tag First Indicator Second Indicator Subfields
LEADER 00000pam a2200000 a 4500
001 in00000080865
005 20151008054114.0
008 810218s1981 nyu b 00110 eng
010 |a  81000886  
020 |a 0387905723 (U.S.) 
020 |a 3540905723 (Berlin) 
035 |a (OCoLC)07282230 
035 |9 AAH9651AM 
039 0 |a 2  |b 3  |c 3  |d 3  |e 3 
040 |a DLC  |c DLC  |d TXA  |d UtOrBLW 
049 |a TXAM  |c [985534] 
050 0 0 |a QA279.7  |b .G87 
082 0 |a 519.5/4  |2 19 
100 1 |a Gupta, Shanti Swarup,  |d 1925- 
245 1 0 |a Multiple statistical decision theory :  |b recent developments /  |c Shanti S. Gupta and Deng-Yuan Huang. 
264 1 |a New York, NY :  |b Springer-Verlag,  |c [1981] 
264 4 |c ©1981 
300 |a 104 pages ;  |c 24 cm. 
336 |a text  |b txt  |2 rdacontent 
337 |a unmediated  |b n  |2 rdamedia 
338 |a volume  |b nc  |2 rdacarrier 
490 1 |a Lecture notes in statistics ;  |v 6 
504 |a Includes bibliographies and index. 
650 0 |a Sequential analysis. 
650 0 |a Ranking and selection (Statistics) 
650 0 |a Multiple comparisons (Statistics) 
700 1 |a Huang, Deng-Yuan. 
830 0 |a Lecture notes in statistics (Springer-Verlag) ;  |v v. 6. 
999 |a MARS 
999 f f |s 36bbd6d4-ba4a-33ae-abd3-2a3f669c23d4  |i 5742ae9b-59d9-3fff-8295-bf5ed9180599  |t 0 
952 f f |p ric  |a Texas A&M University  |b Rellis Campus  |c Joint Library Facility  |d Remote Storage  |t 0  |e QA279.7 .G87  |h Library of Congress classification  |i unmediated -- volume  |m A14806204340 
998 f f |a QA279.7 .G87  |t 0  |l Remote Storage